000 03895cam a22012974i 4500
003 PE-LiUPU
005 20250813185339.0
008 161014s2016 pe a r 000 0 spa d
020 _a612311378X
020 _a9786123113780
035 _a(Sirsi) a164245
040 _aPE-LiUPU
_bspa
_cPE-LiUPU
_dPE-LiUPU
_erda
049 _aPRUA
082 0 4 _a347.0285
_bV39
082 0 4 _a347.0285
_bV39 2016
100 1 _aDe Velazco Borda, Jorge Luis,
_eautor.
245 _aComprobantes de pago electrónicos :
_bconozca las obligaciones y efectos de este nuevo sistema /
_cJorge Luis de Velazco Borda.
264 _aLima :
_Gaceta Jurídica,
_c2016.
300 _a191 páginas ;
_c23 centímetros
336 _text
_2rdacontent
337 _unmediated
_2rdamedia
338 _volume
_2rdacarrier
505 0 _aConceptos básicos -- Recibo por honorarios electrónicos -- Sistema de emisión electrónica desde los sistemas de la SUNAT (SEE-SOL) -- Sistema de emisión electrónica desde los sistemas del contribuyente-SEE-DEL contribuyente.
526 _aP202
526 _aP201
526 _aP163
526 _aP162
526 _aP161
526 _aP160
526 _aP148
526 _aP147
526 _aP146
526 _aP145
526 _aP144
526 _aP143
526 _aP142
526 _aP141
526 _aP140
526 _aP139
526 _aP138
526 _aP137
526 _aP136
526 _aP135
526 _aP134
526 _aP133
526 _aP129
526 _aP128
526 _aP127
526 _aP120
526 _aP119
526 _aP118
526 _aP116
526 _aP115
526 _aP114
526 _aP110
526 _aP109
526 _aP108
526 _aP104
526 _aP103
526 _aP102
526 _aP99
526 _aP98
526 _aP97
526 _aP96
526 _aP95
526 _aP93
526 _aP90
526 _aP89
526 _aP88
526 _aP83
526 _aP82
526 _aP62
526 _aP59
526 _aP58
526 _aP57
526 _aP51
526 _aP49
526 _aP48
526 _aP47
526 _aP29
526 _aP24
526 _aP20
526 _aP19
526 _aP17
526 _aP15
526 _aP14
526 _aP12
526 _aP10
526 _aP09
526 _aP08
526 _aP07
526 _aP06
526 _aP05
526 _aP04
526 _aP01
541 _g012-0002097;
650 0 4 _aContabilidad.
_9436
650 0 4 _aProgramas para computadoras.
650 0 4 _aComprobantes de pago
_zAspectos legales
_xPerú.
650 0 4 _aFacturas electrónicas
_zPerú.
910 _ctqv
_d20170717
942 _2ddc
_cBOOK
949 _a347.0285 V39 2016
_wDEWEY
_c1
_iFJ07417
_lCCODEBUJ1
_mBUJ
_p12.00
_r0
_sY
_tBOOK
_u2017-07-17
_xFCE
_PP08
_0COMPRA
_o.STAFF. Colección General Juliaca
949 _a347.0285 V39 2016
_wDEWEY
_c1
_iFJ07421
_lCCODEBUJ1
_mBUJ
_p12.00
_r0
_sY
_tBOOK
_u2017-07-17
_xFCE
_PP08
_0COMPRA
_o.STAFF. Colección General Juliaca
994 _aC0
_bPEPRU
596 _a1 3
999 _a347.0285 V39
_wDEWEY
_c13082
_i75255
_d13082
_e2019-5-31
_f2021-11-5
_g6
_lCCODEBUL1
_mBUL
_n14
_p10.00
_q7
_r0
_sY
_tBOOK
_u2016-10-14
_xFCE
_zP08
_0COMPRA
_o.STAFF. Colección Ciencias Empresariales
999 _a347.0285 V39 2016
_wDEWEY
_c1
_iFJ07417
_d2018-5-22
_e2018-5-21
_f2022-1-18
_g4
_lCCODEBUJ1
_mBUJ
_n1
_p12.00
_r0
_sY
_tBOOK
_u2017-7-17
_xFCE
_PP08
_0COMPRA
_o.STAFF. Colección General Juliaca
999 _a347.0285 V39 2016
_wDEWEY
_c2
_iFJ07421
_d2018-9-14
_f2022-1-18
_g5
_lCCODEBUJ1
_mBUJ
_p12.00
_q3
_r0
_sY
_tBOOK
_u2017-7-17
_xFCE
_PP08
_0COMPRA
_o.STAFF. Colección General Juliaca
980 _81
_gALBERTO SANCHEZ Responsable de Automatización